00442nmm a2200169Ia 4500008004100000020001800041041000800059100001800067245002400085264004400109300001800153490001400171650001200185856005100197942000700248999001700255251105s9999||||xx |||||||||||||||||und|| a9788490109601 aspa aPalmer, Diana 0aSecretos y amenazas a[Madrid, España] :bHarlequin, c2012 a240 páginas aTop Novel aRomance uhttps://public.digitaliapublishing.com/a/50104 cCF c87443d87443